| 000 | 00388nam a22001337a 4500 | ||
|---|---|---|---|
| 020 | _a9781471173363 | ||
| 040 | _cNUST | ||
| 082 |
_a823-CH _bRUS |
||
| 100 |
_a Russell, Rachel Renee _981942 |
||
| 110 |
_a Russell, Nikki _982072 |
||
| 245 | _aDork Diaries Spectacular Superstar Welcome To Nikkis A Dork Able World | ||
| 260 |
_aLondon: _bSimon And Schuster Ltd, _c2019. |
||
| 942 |
_2ddc _cBK |
||
| 999 |
_c586368 _d586368 |
||